000 00320cam a2200145ua 4500
041 _amal
_h
082 _a894.812 308
_bKAN/KA
100 _aKanam, E J .
245 _aKadalasu Pookkal /
_cE J Kanam.
_hTextual Documents
250 _a1 /
_b.
300 _a206 ; .
504 _a
942 _cBK
999 _c3857
_d3857